| 000 | 00624nam a2200205Ia 4500 | ||
|---|---|---|---|
| 005 | 20250507130307.0 | ||
| 008 | 008 250505s9999 xx 000 0 eng d | ||
| 037 | _aSeries Article | ||
| 040 |
_aEASL _beng _cEASL |
||
| 041 |
_aeng _2eng |
||
| 084 | _qEASL | ||
| 100 |
_aTsai Wen-Hsuan _9674254 |
||
| 245 | 0 | _aParty's disciples: CCP reserve cards and the perpetuation of a resilint authoritarin regime | |
| 260 |
_aUK _bCambridge Cambridge Univesity Press _c2015 |
||
| 300 | _a1-20 Pp. | ||
| 650 |
_aChina; CCP _9755119 |
||
| 700 |
_aKou Chien-Wen _9674255 |
||
| 942 | _cSRA | ||
| 999 |
_c1318829 _d1318829 |
||